000 00452nam a2200181Ia 4500
001 8694
005 20260306160628.0
008 260306t2010||||xx |||||||||||||| ||spa||
041 _aESP
082 _a371.3
_bE84
100 _aEspada, José Pedro
_eAUT
245 0 _aTécnicas de grupo:
_brecursos prácticos para la educción
260 _c2010
300 _a247 páginas :
_c23 cm.
650 _aGEN
654 _aCED
942 _cLIB
_dJUS
_fJUS
_2ddc
_n
999 _c8694
_d8694